Babylon armád : boje medzi Ipľom a Hronom, zima 1944-1945 /
Uložené v:
| Hlavný autor: | |
|---|---|
| Médium: | Kniha |
| Jazyk: | Slovak |
| Vydané: |
Bratislava :
Magnet Press, Slovakia,
2018.
|
| Témy: | |
| ISBN: |
9788089169443 (viaz.) |
| Fyzický popis: |
160 strán : fotografie, ilustrácie, mapy, portréty ; 29 cm. |
| Tagy: |
Pridať tag
Žiadne tagy, Buďte prvý kto otaguje tento záznam!
|
Titul je dostupný aj v ... 

MARC
| LEADER | 00000nam a2200000 ab4500 | ||
|---|---|---|---|
| 001 | 000572221 | ||
| 005 | 20180426094654.0 | ||
| 008 | 180131s2018 xo abcoe 001 0 slo d | ||
| 020 | |a 9788089169443 (viaz.) | ||
| 040 | |a SVKKK |b slo |c SVKKK |e AACR2 | ||
| 041 | 0 | |a slo | |
| 043 | |a e-xo--- | ||
| 044 | |a xo |c SK | ||
| 072 | 7 | |a 94(437.6) |x Dejiny Slovenskej republiky |2 konspekt | |
| 080 | |a 94(100)"1939/1945" |2 2011 | ||
| 080 | |a 355.48(100)"1939/1945" |2 2011 | ||
| 080 | |a 355.4 |2 2011 | ||
| 080 | |a 94(437.6) |2 2011 | ||
| 080 | |a (048.8) |2 2011 | ||
| 100 | 1 | |a Šteiner, Pavol, |d 1976- |4 aut | |
| 245 | 1 | 0 | |a Babylon armád : |b boje medzi Ipľom a Hronom, zima 1944-1945 / |c Pavol Šteiner. |
| 260 | |a Bratislava : |b Magnet Press, Slovakia, |c 2018. | ||
| 300 | |a 160 strán : |b fotografie, ilustrácie, mapy, portréty ; |c 29 cm. | ||
| 504 | |a Bibliografia: s. 109-112; menný register: s. 156-157; miestopisný register: s. 158-160 | ||
| 546 | |a Anglické resumé | ||
| 648 | 7 | |a 1944-1945 |2 SVKKKPH | |
| 650 | 0 | 7 | |a druhá svetová vojna, 1939-1945 |2 SVKKKPH |
| 650 | 0 | 7 | |a vojenské operácie |2 SVKKKPH |
| 651 | 7 | |a Ipeľ-oblasť (Slovensko) |2 SVKKKPH | |
| 651 | 7 | |a Hron-oblasť (Slovensko) |2 SVKKKPH | |
| 655 | 7 | |a monografie |2 SVKKKPH | |
| 910 | |a svkkk | ||
| 919 | |a 978-80-89169-44-3 | ||
| 998 | |a BK | ||
| 090 | |g SCKHL |k Sklad Hlavná 10 prízemie |a V.237186 |j 1086963 |i 2720517377 |s Absenčne | ||